Fundamentals of classical thermodynamics (Record no. 14470)

000 -LEADER
fixed length control field 00490nam a22001937a 4500
001 - CONTROL NUMBER
control field 14470
003 - CONTROL NUMBER IDENTIFIER
control field BD-DhUET
008 - FIXED-LENGTH DATA ELEMENTS--GENERAL INFORMATION
fixed length control field 150308b xxu||||| |||| 00| 0 eng d
040 ## - CATALOGING SOURCE
Transcribing agency 0
Modifying agency BD-DhUET
082 ## - DEWEY DECIMAL CLASSIFICATION NUMBER
Classification number 536.7
Item number VAN/1985
100 ## - MAIN ENTRY--PERSONAL NAME
Personal name Van Wylen, Gordon J.
245 ## - TITLE STATEMENT
Title Fundamentals of classical thermodynamics
250 ## - EDITION STATEMENT
Edition statement 3rd ed.
260 ## - PUBLICATION, DISTRIBUTION, ETC. (IMPRINT)
Place of publication, distribution, etc. New York
Name of publisher, distributor, etc. John Wiley & Sons
Date of publication, distribution, etc. 1985
300 ## - PHYSICAL DESCRIPTION
Extent xiv, 722 p.
650 #0 - SUBJECT ADDED ENTRY--TOPICAL TERM
Topical term or geographic name as entry element Thermodynamics
700 ## - ADDED ENTRY--PERSONAL NAME
Personal name Sonntag, Richard E.
942 ## - ADDED ENTRY ELEMENTS (KOHA)
Koha item type General Book
Holdings
Copy number Koha item type Date acquired Koha full call number Lost status Koha date last borrowed Sublocation or collection (holding branch) Koha issues (times borrowed) Withdrawn status Source of classification or shelving scheme Koha normalized classification for sorting Shelving location Location (home branch) Piece designation (barcode) Price effective from Koha date last seen Damaged status Not for loan
1General Book2015-03-08536.7/VAN/1985 2025-05-26Central Library, BUET2  536_700000000000000_VAN_1985Circulation sectionCentral Library, BUET685882015-03-082025-06-23  
2General Book2015-03-10536.7/VAN/1985 2023-04-30Central Library, BUET4  536_700000000000000_VAN_1985Circulation sectionCentral Library, BUET685902015-03-102023-05-08  
3General Book2015-03-10536.7/VAN/1985 2023-12-02Central Library, BUET2  536_700000000000000_VAN_1985Circulation sectionCentral Library, BUET685922015-03-102023-12-11  
4General Book2015-03-16536.7/VAN/1985 2023-12-02Central Library, BUET2  536_700000000000000_VAN_1985Circulation sectionCentral Library, BUET685892015-03-162024-02-18